Leader xxxxxxxxxx
001 __ PCLIS00055191
005 __ 20210816160936.0
011 __ |a1015-9975|b平裝|d每期NT$140
019 __ |a4712070147719|2EAN
100 __ |a20210208a19859999mk y0chiy09 e
101 0_ |achi
102 __ |atw
110 __ |aafaz 0yy0
200 1_ |a國文天地|dThe World of Chinese Language and Literature|e|f國文天地雜誌社
207 _0 |a第36卷第8期(2021年1月)—
210 __ |a臺北市|c國文天地雜誌社|d2021- [民110- ]
215 0_ |a冊|c圖, 表|d26公分
225 __ |a|v
300 __ |a1985年6月1日創刊
300 __ |a自第34卷起與福建師範大學文學院合作編輯出版
301 __ |a4712070147719
320 __ |a
326 __ |a月刊
510 1_ |aThe world of Chinese language and literature|zeng
681 __ |a820.5|b8567
700 __ |a|b|4
710 01 |a國文天地雜誌社
801 _0 |atw|b內湖高中|c20210208|gCCR
856 42 |uhttps://tpl.ncl.edu.tw/NclService/JournalContent?q%5B0%5D.i=%E5%9C%8B%E6%96%87%E5%A4%A9%E5%9C%B0&q%5B0%5D.f=JT&q%5B1%5D.o=0&q%5B1%5D.i=&q%5B1%5D.f=*&lang=&pys=2021&pms=1&pye=2021&pme=12|z2021年篇目查詢-連至國圖期刊文獻資訊網
856 42 |uhttps://tpl.ncl.edu.tw/NclService/JournalContent?q%5B0%5D.i=%E5%9C%8B%E6%96%87%E5%A4%A9%E5%9C%B0&q%5B0%5D.f=JT&q%5B1%5D.o=0&q%5B1%5D.i=&q%5B1%5D.f=*&lang=&pys=2022&pms=1&pye=2022&pme=12|z2022年篇目查詢-連至國圖期刊文獻資訊網
|